| 000 | 00479nam a2200157Ia 4500 | ||
|---|---|---|---|
| 008 | 210716s2001 xx 000 0 und d | ||
| 020 | _a0071364145 | ||
| 041 | _aeng | ||
| 082 | _a658.80019 ROBS | ||
| 100 | _aRobinette, Scott; Brand, Claire. | ||
| 245 |
_aEmotion marketing: the hallmark way of winning customers for life. _bHallmark way of winning customers for life. |
||
| 250 | _a1 | ||
| 260 |
_aNew Delhi _bMcGraw Hill _c2001 |
||
| 300 | _axvii,247 | ||
| 650 | _aMarketing | ||
| 999 |
_c201178 _d201178 |
||